00954nam a22001337a 4500999001500000003000400015008004100019245005200060250024300112260004200355650002700397942001200424952038400436 c9742d9742OSt201203b ||||| |||| 00| 0 eng d aJournal of The Institution of Engineers (INDIA) a2008(Jan Vol.88 No.28, Jul Vol.89 No.25, May Vol.89 No.29, Jun Vol.89 No.27, Jul Vol.89 No.25, Sep Vol.89 No.19, Sep Vol.89 No.19, Sep Vol.89 No.19, Aug Vol.89 No.25, Oct Vol.89 No.17, Oct Vol.89 No.17, Nov Vol.89 No.17, Dec Vol.89 No.17) aKolkatabThe Institution of Engineers aMechanical Engineering 2ddccBV 00102ddc3Bound Volume40718BTECHMEaPIETbPIETd2020-12-11eThe Institution of Engineersh2008(Jan Vol.88 No.28, Jul Vol.89 No.25, May Vol.89 No.29, Jun Vol.89 No.27, Jul Vol.89 No.25, Sep Vol.89 No.19, Sep Vol.89 No.19, Sep Vol.89 No.19, Aug Vol.89 No.25, Oct Vol.89 No.17, Oct Vol.89 No.17, Nov Vol.89 No.17, Dec Vol.89 No.17)l0pBV252r2020-12-11 00:00:00w2008-01-09yBV